|
|
|
|
| LEADER |
00000nab a2200000 a 4500 |
| 001 |
vtls010682060 |
| 003 |
SK-MaSNL |
| 005 |
20260318122012.0 |
| 008 |
150527|2015 xo w| 000 0|hun |
| 015 |
|
|
|a SNBRB2015/05
|
| 038 |
|
|
|a DSZK
|
| 040 |
|
|
|a DSZK
|b slo
|c DSZK
|e AACR2
|
| 041 |
|
|
|a hun
|a slo
|
| 044 |
|
|
|a xo
|c SK
|
| 080 |
|
|
|a 796.81
|2 2001
|
| 245 |
0 |
0 |
|a Darvas és Szerencsés aranyérmesek!
|c [szerző] (hr)
|
| 300 |
|
|
|b Fotogr.
|
| 610 |
2 |
7 |
|a Zápasnícky klub (Dunajská Streda, Slovensko)
|2 dszk
|9 1087082
|
| 611 |
2 |
7 |
|a Jurisics Kupa
|d (2015 :
|c Kőszeg, Maďarsko)
|2 dszk
|9 1562302
|
| 648 |
|
7 |
|a 2015
|2 dszk
|9 337775
|
| 650 |
0 |
7 |
|a Zápasenie vo voľnom štýle
|2 dszk
|9 1045659
|
| 650 |
0 |
7 |
|a žiaci
|2 dszk
|9 16621
|
| 651 |
|
7 |
|a Dunajská Streda (Slovensko)
|2 SNKPHgeo
|9 17375
|
| 651 |
|
7 |
|a Köszeg (Maďarsko)
|2 dszk
|9 179832
|
| 773 |
0 |
|
|t Csallóköz=Žitný ostrov
|g Évf. 55, sz. 14 (2015), o. 42
|x 1336-3638
|
| 852 |
|
|
|a DSZK
|b KIS3GCP
|
| 856 |
|
|
|a http://www.csallokoz.sk
|
| 958 |
|
|
|a HU
|
| 958 |
|
|
|a SK
|
| 999 |
|
|
|c 3180321
|d 3182251
|